|
|
|
|
| LEADER |
00000cam a2200000 i 4500 |
| 001 |
1/651 |
| 008 |
950704s1992 fr | ||| |||| ||fre|| |
| 020 |
|
|
|a 2010183932
|
| 035 |
|
|
|l 10014157
|
| 040 |
|
|
|a GR-MyUa
|b gre
|e AACR2
|
| 041 |
0 |
|
|a fre
|
| 082 |
7 |
|
|a 305.5540944
|2 (22)
|
| 100 |
1 |
|
|a Lambert-Dansette, Jean.
|
| 245 |
1 |
3 |
|a La vie des chefs d' entreprise, 1830-1880 /
|c Jean Lambert- Dansette.
|
| 260 |
|
|
|a Paris :
|b Hachette,
|c 1992.
|
| 300 |
|
|
|a 300 σ. ;
|c 24 εκ.
|
| 504 |
|
|
|a Περιλαμβάνει βιβλιογραφία και ευρετήριο.
|
| 650 |
0 |
0 |
|a Businesspeople
|z France
|x Biography.
|
| 650 |
0 |
0 |
|a Industries
|z France
|x History
|y 19th century.
|
| 651 |
|
0 |
|a France
|x Social life and customs
|y 19th century.
|
| 852 |
|
|
|a INST
|b LESVOS
|e 19950704
|h 305.5540944 LAM
|p 005100008101
|q 005100008101
|t BK
|y 0
|
| 922 |
|
|
|a 1ΕΛΗ
|b 199304
|c ΠΠ/3125
|